000
00307nam a2200109 4500
008
240219b |||||||| |||| 00| 0 eng d
245
_a
Ethics in action-Vol. 2, no. 5 (October 2008)
260
_a
Hong Kong :
_b
Asian human rights commission,
_c
2008
300
_b
44 p.
650
_a
Islam -- Ethics
942
_c
CR
999
_c
4768
_d
4768